000 005400000a22002170004500
003 LK-CoMWRAF
005 20230915223005.0
008 230817t1998 ||||| |||| 00| 0 eng d
020 _a1851681698
040 _aLK-CoMWRAF
_dLK-CoMWRAF
_eLK-CoMWRAF
041 _aeng
082 _a297
_bBOW
100 _aBowker, John
245 _aWhat Muslims believe
260 _aEngland :
_bOnworld Oxford,
_c1998
300 _a187p
650 _aIslam
650 _aIslam-Essence, genius, nature
650 _aReligion and culture
942 _cBK
999 _c91
_d91